000 00551nam a2200181Ia 4500
999 _c29370
_d29370
003 OSt
005 20201207150049.0
008 190216s9999||||xx |||||||||||||| ||und||
020 _a9788182642539
040 _coclc
082 _a894.8124
_bNAI/E
100 _aNair, Edasseri Govindan
_96933
245 0 _aEdasseriyude Prabandangal /
_cEdasseri Govindan Nair
260 _bMathrubhumi Printing & publishing,
_aKozhikode:
_c2006.
300 _a144p
650 _aLekhanam
942 _cBK
_2ddc
_h894.8124
_iNAI/E
_k894.8124
_mNAI/E